[Event "ESP-ch U16 rapid"]
[Site "Salobrena"]
[Date "2023.07.30"]
[Round "9"]
[White "Gomez Pastrana, Juan"]
[Black "Tarrago Plaza, Marc"]
[Result "1-0"]
[WhiteElo "2036"]
[BlackElo "1765"]
[PlyCount "109"]
[EventDate "2023.07.29"]
[EventType "swiss (rapid)"]
[EventRounds "9"]
[EventCountry "ESP"]
[SourceTitle "EXT 2024"]
[Source "ChessBase"]
[SourceDate "2023.10.10"]
[SourceVersion "1"]
[SourceVersionDate "2023.10.10"]
[SourceQuality "1"]

1. e4 e6 2. Nc3 d5 3. Nf3 dxe4 4. Nxe4 Nd7 5. d4 Be7 6. Bd3 Ngf6 7. Qe2 0-0 8. 0-0 Nxe4 9. Bxe4 Nf6 10. Bd3 b6 11. Bg5 Bb7 12. c3 h6 13. Bf4 Nd5 14. Bg3 c5 15. dxc5 Bxc5 16. Rad1 Qe7 17. b4 Nxc3 18. Qc2 Nxd1 19. bxc5 Rfd8 20. Bd6 Qf6 21. Be5 Qe7 22. Qxd1 bxc5 23. Qe2 Rac8 24. Bb1 c4 25. Qc2 f5 26. Qc3 Rd7 27. Re1 Bd5 28. Nd4 Qg5 29. f3 Rb7 30. Bc2 Qe7 31. a3 Qc5 32. Kh1 Qb6 33. h3 Rd8 34. Qe3 Rdd7 35. Rb1 Qd8 36. Rd1 Qb6 37. Rd2 a5 38. Kh2 Qd8 39. Qf4 Qe8 40. Ba4 Qd8 41. Bxd7 Rxd7 42. Ne2 a4 43. Nc3 Qe8 44. Bd4 Bc6 45. Qe5 Qe7 46. Bc5 Qd8 47. Rd6 Qc7 48. Qxe6+ Kh8 49. Kg1 Rxd6 50. Qxd6 Qb7 51. Qf8+ Kh7 52. Qxf5+ Kh8 53. Bd4 Qb2 54. Qf8+ Kh7 55. Qxg7# 1-0

[Event "ESP-ch U14 rapid"]
[Site "Salobrena"]
[Date "2023.07.23"]
[Round "5"]
[White "Tarrago Plaza, Marc"]
[Black "Rodriguez Canovas, Elena"]
[Result "0-1"]
[WhiteElo "1765"]
[BlackElo "1511"]
[PlyCount "176"]
[EventDate "2023.07.22"]
[EventType "swiss (rapid)"]
[EventRounds "9"]
[EventCountry "ESP"]
[SourceTitle "EXT 2024"]
[Source "ChessBase"]
[SourceDate "2023.10.10"]
[SourceVersion "1"]
[SourceVersionDate "2023.10.10"]
[SourceQuality "1"]

1. e4 c5 2. c3 d5 3. exd5 Qxd5 4. d4 e6 5. Nf3 Nf6 6. Na3 Nc6 7. Bc4 Qd8 8. Nc2 Be7 9. 0-0 0-0 10. Re1 Qc7 11. Bd3 Rd8 12. Qe2 cxd4 13. Ncxd4 Nxd4 14. cxd4 Bb4 15. Rd1 Be7 16. Bd2 Bd7 17. Rac1 Bc6 18. Qe1 Rac8 19. Ba5 b6 20. Ne5 Qb7 21. Nxc6 Rxc6 22. Bc3 Qb8 23. Bb5 Rcc8 24. Ba6 Rc7 25. Qe2 Nd5 26. Bd2 Rxc1 27. Rxc1 Nc7 28. Bf4 Bd6 29. Bxd6 Rxd6 30. Qe5 Nxa6 31. h3 Rd8 32. Qb5 Nc7 33. Qc4 Nd5 34. Qe2 h6 35. Re1 Qf4 36. Rd1 Qd6 37. Qf3 Rc8 38. Qe2 Qc6 39. Qe5 Qc7 40. Qe2 Qc2 41. Qf3 Qxb2 42. Rd3 Rc3 43. Kh2 Rxd3 44. Qxd3 Qc3 45. Qa6 Qc7+ 46. Kg1 Kh7 47. Qd3+ Kg8 48. Qb5 Kf8 49. Qd3 Ke7 50. Qa3+ Ke8 51. Qa4+ Kd8 52. Qa3 Ne7 53. Qf3 Nd5 54. Qa3 Ke8 55. Qa4+ Qd7 56. Qc2 Nf6 57. Qc3 Ke7 58. Qa3+ Ke8 59. Qc3 Kd8 60. Qg3 g6 61. Qh4 Ke7 62. Qxh6 Qxd4 63. Qc1 Qc5 64. Qf4 Qd6 65. Qa4 a5 66. Qb3 Ne4 67. Qc2 f5 68. Qc8 Qc5 69. Qb7+ Kf6 70. Qb8 Qxf2+ 71. Kh2 Qg3+ 72. Qxg3 Nxg3 73. Kxg3 b5 74. Kf4 b4 75. Ke3 Ke5 76. Kd3 Kd5 77. h4 e5 78. g3 e4+ 79. Ke3 a4 80. Kf4 b3 81. axb3 axb3 82. Kg5 b2 83. Kxg6 b1Q 84. Kxf5 e3+ 85. Kg5 e2 86. g4 e1Q 87. h5 Qh7 88. Kf6 Qe5# 0-1

[Event "ESP-ch U14"]
[Site "Salobrena"]
[Date "2023.07.21"]
[Round "8"]
[White "Tarrago Plaza, Marc"]
[Black "Fuentes Guinot, Alejandro"]
[Result "0-1"]
[WhiteElo "1767"]
[BlackElo "2020"]
[PlyCount "70"]
[EventDate "2023.07.17"]
[EventType "swiss"]
[EventRounds "9"]
[EventCountry "ESP"]
[SourceTitle "EXT 2024"]
[Source "ChessBase"]
[SourceDate "2023.10.10"]
[SourceVersion "1"]
[SourceVersionDate "2023.10.10"]
[SourceQuality "1"]

1. c4 e6 2. Nf3 Nf6 3. g3 d5 4. Bg2 Be7 5. 0-0 0-0 6. d4 dxc4 7. Nbd2 b5 8. a4 c6 9. e4 Bb7 10. Qc2 Na6 11. b3 Nb4 12. Qb1 c3 13. Ng5 cxd2 14. e5 dxc1Q 15. Rxc1 g6 16. exf6 Bxf6 17. h4 bxa4 18. Rxa4 Bxg5 19. hxg5 a5 20. Qe4 Qxg5 21. Rc3 Nd5 22. Rd3 Qf5 23. Qxf5 gxf5 24. Bxd5 cxd5 25. b4 axb4 26. Rxb4 Ba6 27. Rdb3 Bc4 28. Rb1 Ra2 29. Rb7 Rd2 30. Re7 Rxd4 31. Rbb7 Rd1+ 32. Kg2 d4 33. f3 Bd5 34. Rbd7 Rd2+ 35. Kf1 Rb8 0-1

[Event "ESP-ch U14"]
[Site "Salobrena"]
[Date "2023.07.19"]
[Round "4"]
[White "Tarrago Plaza, Marc"]
[Black "Garcia Amelibia, Emilio"]
[Result "1-0"]
[WhiteElo "1767"]
[BlackElo "1805"]
[PlyCount "90"]
[EventDate "2023.07.17"]
[EventType "swiss"]
[EventRounds "9"]
[EventCountry "ESP"]
[SourceTitle "EXT 2024"]
[Source "ChessBase"]
[SourceDate "2023.10.10"]
[SourceVersion "1"]
[SourceVersionDate "2023.10.10"]
[SourceQuality "1"]

1. e4 c5 2. c3 Nf6 3. e5 Nd5 4. Nf3 Nc6 5. Bc4 Nb6 6. Bb3 c4 7. Bc2 g6 8. 0-0 Bg7 9. Re1 0-0 10. Qe2 d5 11. exd6 exd6 12. d3 d5 13. Bf4 h6 14. dxc4 dxc4 15. Na3 Qf6 16. Be3 Bg4 17. h3 Bxf3 18. Qxf3 Qxf3 19. gxf3 Ne5 20. Kg2 Rac8 21. Rad1 Ned7 22. Be4 Rb8 23. Rd2 Rfc8 24. Red1 Nf6 25. Bc2 Bf8 26. Nb5 a6 27. Nd6 Rc6 28. Bxb6 Rxb6 29. Nxc4 Re6 30. Bb3 Ree8 31. f4 Re4 32. Ne5 Nh5 33. Nxf7 Kg7 34. Rd7 Kf6 35. Nd6 Rxf4 36. Rf7+ Kg5 37. Rd5+ Kh4 38. Rxh5+ Kxh5 39. Rxf4 Bxd6 40. Rg4 Rf8 41. Bd1 Rd8 42. Rg3+ Kh4 43. Rxg6 Bf4 44. Rg4+ Kh5 45. Bf3 Bg5 1-0

[Event "ESP-ch U14"]
[Site "Salobrena"]
[Date "2023.07.18"]
[Round "3"]
[White "Rivera Jimenez, Eric"]
[Black "Tarrago Plaza, Marc"]
[Result "0-1"]
[WhiteElo "1492"]
[BlackElo "1767"]
[PlyCount "76"]
[EventDate "2023.07.17"]
[EventType "swiss"]
[EventRounds "9"]
[EventCountry "ESP"]
[SourceTitle "EXT 2024"]
[Source "ChessBase"]
[SourceDate "2023.10.10"]
[SourceVersion "1"]
[SourceVersionDate "2023.10.10"]
[SourceQuality "1"]

1. c4 Nf6 2. Nc3 g6 3. e4 d6 4. h3 Bg7 5. Nge2 e5 6. g3 a5 7. Bg2 0-0 8. 0-0 Na6 9. d3 Nc5 10. Be3 Bd7 11. Qd2 Ne6 12. Rae1 c5 13. Kh2 Bc6 14. f4 Nd4 15. g4 exf4 16. Bxf4 Nxe2 17. Rxe2 h5 18. g5 Ne8 19. h4 Nc7 20. Ref2 Ne6 21. Bg3 Be5 22. Bxe5 dxe5 23. Nd5 Bxd5 24. exd5 Nf4 25. Qe3 Qd6 26. Re1 Rfe8 27. b3 b6 28. a4 Rf8 29. Rf3 Nxd3 30. Re2 e4+ 31. Rg3 Nf4 32. Rf2 Nxg2 33. Kxg2 Qe5 34. Qf4 Rae8 35. Re3 Qd4 36. Rfe2 f5 37. Qc7 f4 38. Rh3 f3+ 0-1

[Event "ESP-ch U14 Rapid"]
[Site "Salobrena"]
[Date "2022.07.23"]
[Round "2"]
[White "Tarrago Plaza, Marc"]
[Black "Habans Aguerrea, Javier"]
[Result "0-1"]
[WhiteElo "1403"]
[BlackElo "1709"]
[PlyCount "100"]
[EventDate "2022.07.23"]
[EventType "swiss (rapid)"]
[EventRounds "9"]
[EventCountry "ESP"]
[SourceTitle "EXT 2023"]
[Source "ChessBase"]
[SourceDate "2022.10.05"]
[SourceVersion "1"]
[SourceVersionDate "2022.10.05"]
[SourceQuality "1"]

1. e4 c6 2. c4 d5 3. exd5 cxd5 4. cxd5 Nf6 5. Nc3 Nxd5 6. Nf3 Nc6 7. Bb5 Nb6 8. 0-0 e6 9. d4 Be7 10. Ne5 Bd7 11. Nxd7 Qxd7 12. Qg4 0-0 13. Be3 Nd5 14. Nxd5 Qxd5 15. Bxc6 Qxc6 16. Rac1 Qd5 17. b3 Rac8 18. Qe2 Ba3 19. Rc2 a6 20. Rd1 h6 21. Rd3 Bb4 22. Rd1 Ba3 23. Rd3 Bd6 24. Rdc3 Rcd8 25. Qc4 Qh5 26. g3 Qg6 27. Qd3 Qg4 28. Qe2 Qf5 29. Qd3 Qf6 30. Qe4 Rb8 31. Kg2 Rfd8 32. Qf3 Qe7 33. Rd3 Rd7 34. Rdc3 Qe8 35. Qe2 Rbd8 36. Qf3 Bb8 37. Rd3 Rd5 38. Qe2 Ba7 39. Rcd2 Qd7 40. Qg4 Kf8 41. Qd1 Bb6 42. Qg4 e5 43. Qd1 exd4 44. Bf4 g5 45. Be3 Ba5 46. f3 dxe3 47. Rxd5 exd2 48. Rxd7 Rxd7 49. a3 Bc3 50. Kf2 Re7 0-1

[Event "ESP-ch U14"]
[Site "Salobrena"]
[Date "2022.07.18"]
[Round "2"]
[White "Mena Lorente, Luis"]
[Black "Tarrago Plaza, Marc"]
[Result "0-1"]
[WhiteElo "1627"]
[BlackElo "1851"]
[PlyCount "120"]
[EventDate "2022.07.18"]
[EventType "swiss"]
[EventRounds "9"]
[EventCountry "ESP"]
[SourceTitle "EXT 2023"]
[Source "ChessBase"]
[SourceDate "2022.10.05"]
[SourceVersion "1"]
[SourceVersionDate "2022.10.05"]
[SourceQuality "1"]

1. c4 e5 2. d3 Nc6 3. g3 g6 4. Bg2 Bg7 5. Nc3 Nge7 6. e4 0-0 7. Nge2 f5 8. Be3 d6 9. Qd2 Nd4 10. 0-0-0 Be6 11. Nd5 Nxe2+ 12. Qxe2 c6 13. Nxe7+ Qxe7 14. exf5 gxf5 15. f4 Rae8 16. fxe5 dxe5 17. Qh5 Bf7 18. Qg5 Qb4 19. Bd2 Qd6 20. Bc3 Kh8 21. Kb1 Bg6 22. h4 h6 23. Bb4 Qxb4 24. Qxg6 e4 25. d4 Qxc4 26. Bh3 Qd5 27. Rhf1 Re6 28. Qh5 Ref6 29. Qe2 f4 30. g4 e3 31. g5 Qe4+ 32. Ka1 Rd6 33. Bg2 Qe6 34. gxh6 Qxh6 35. a3 Bxd4 36. Qc4 Be5 37. Qe4 Rxd1+ 38. Rxd1 Re8 39. Qf3 e2 40. Re1 Rd8 41. Qxe2 Bg7 42. Qe7 Qd6 43. Qf7 Qxa3+ 44. Qa2 Bxb2+ 45. Kb1 Qxa2+ 46. Kxa2 Bc3 47. Rg1 Rd2+ 48. Kb3 Bd4 49. Re1 Rxg2 50. Re8+ Kh7 51. Kc4 Bf6 52. Rf8 Kg7 53. Rb8 Rb2 54. h5 Kh6 55. Kd3 Kxh5 56. Ke4 Be7 57. Rh8+ Kg6 58. Kxf4 Rb4+ 59. Ke5 Bf6+ 60. Ke6 Bxh8 0-1

[Event "La Pobla de Lillet op-B 30th"]
[Site "La Pobla de Lillet"]
[Date "2021.08.05"]
[Round "4"]
[White "Tarrago Plaza, Marc"]
[Black "Jucla Esteve, Francisco Javier"]
[Result "1-0"]
[WhiteElo "1397"]
[BlackElo "1583"]
[PlyCount "53"]
[EventDate "2021.08.02"]
[EventType "swiss"]
[EventRounds "9"]
[EventCountry "ESP"]
[SourceTitle "EXT 2022"]
[Source "ChessBase"]
[SourceDate "2021.10.06"]
[SourceVersion "1"]
[SourceVersionDate "2021.10.06"]
[SourceQuality "1"]

1. e4 c5 2. Nf3 d6 3. d4 cxd4 4. Nxd4 Bd7 5. Bc4 e6 6. Nc3 a6 7. Bb3 Nc6 8. a3 Nf6 9. f3 Be7 10. Be3 0-0 11. Qd2 Rc8 12. g4 Nxd4 13. Bxd4 d5 14. g5 Ne8 15. exd5 Bxg5 16. Be3 Bxe3 17. Qxe3 Qh4+ 18. Qf2 Qxf2+ 19. Kxf2 exd5 20. Nxd5 Rd8 21. Rad1 g6 22. Rhe1 Kg7 23. Nb6 Nf6 24. Re7 g5 25. Nxd7 Nxd7 26. Rdxd7 Rxd7 27. Rxd7 1-0

[Event "ESP-ch U12"]
[Site "Salobrena"]
[Date "2021.07.06"]
[Round "3"]
[White "Tarrago Plaza, Marc"]
[Black "Diz Lorono, Irene"]
[Result "1/2-1/2"]
[WhiteElo "1459"]
[BlackElo "1214"]
[PlyCount "63"]
[EventDate "2021.07.05"]
[EventType "swiss"]
[EventRounds "9"]
[EventCountry "ESP"]
[SourceTitle "EXT 2022"]
[Source "ChessBase"]
[SourceDate "2021.10.06"]
[SourceVersion "1"]
[SourceVersionDate "2021.10.06"]
[SourceQuality "1"]

1. e4 c5 2. Nf3 d6 3. d4 cxd4 4. Nxd4 Nf6 5. Nc3 g6 6. Bc4 Bg7 7. f3 0-0 8. Be3 Nc6 9. Qd2 Nd7 10. 0-0-0 Nb6 11. Bb3 Na5 12. h4 Nbc4 13. Qe2 Nxe3 14. Qxe3 Nxb3+ 15. axb3 Bd7 16. h5 Qc7 17. hxg6 fxg6 18. Nd5 Qd8 19. g4 Rc8 20. Rh3 e6 21. Nc3 Qc7 22. Rdh1 b5 23. Rxh7 Rf7 24. Qd2 b4 25. Ncb5 Bxb5 26. Nxb5 Qa5 27. Qh2 Qa1+ 28. Kd2 Rxc2+ 29. Kxc2 Qxb2+ 30. Kd1 Qb1+ 31. Kd2 Qb2+ 32. Kd1 1/2-1/2

[Event "Catalunya-ch U18/20"]
[Site "Salou"]
[Date "2021.03.31"]
[Round "8"]
[White "Lambert Pont, James"]
[Black "Tarrago Plaza, Marc"]
[Result "1/2-1/2"]
[WhiteElo "1585"]
[BlackElo "1340"]
[PlyCount "72"]
[EventDate "2021.03.27"]
[EventType "swiss"]
[EventRounds "9"]
[EventCountry "ESP"]
[SourceTitle "CBM 202 Extra"]
[Source "ChessBase"]
[SourceDate "2021.07.31"]
[SourceVersion "1"]
[SourceVersionDate "2021.07.31"]
[SourceQuality "1"]

1. d4 Nf6 2. Bf4 g6 3. Nc3 Bg7 4. e4 c5 5. d5 d6 6. f3 a6 7. Qd2 h5 8. a3 b5 9. Nd1 Nbd7 10. Nf2 Qb6 11. Nd3 a5 12. Be3 Qc7 13. Ne2 Nb6 14. Nc3 Ba6 15. Nf4 c4 16. Nfe2 Nc8 17. Nd4 Na7 18. g3 Qb7 19. Bg2 0-0 20. h4 b4 21. axb4 axb4 22. Na2 Nb5 23. Nxb4 c3 24. bxc3 Nxd4 25. Bxd4 Bc4 26. Kf2 e6 27. Rhb1 Rxa1 28. Rxa1 exd5 29. exd5 Re8 30. Bf1 Bxf1 31. Kxf1 Nxd5 32. Bxg7 Nxb4 33. cxb4 Qxf3+ 34. Qf2 Qh1+ 35. Qg1 Qf3+ 36. Qf2 Qh1+ 1/2-1/2